01581 a2200169 45000010006000000050017000060080041000230030015000640400040000790800088001192450075002072640036002823000019003185050913003371000026012508560135012762550920260407155539.0260407a1968 arg spa dAR-UNSa-BCEJYS aAR-UNSa-BCEJYSbspacAR-UNSa-BCEJYS a657.05xContabilidad de gestión (Contabilidad gerencial, control de gestión...)10aIntroducción a la Contabilidad Gerencialpuna selección polémica 1aBuenos Aires :bPROINVERTc1968 a241 p.c23 cm. a1. Observaciones sobre la evolución de la Contabilidad y sus tendencias modernas - 2. La contabilidad gerencial como actitud profesional - 3. Consideraciones sobre la práctica de la contabilidad gerencial - 5. Consideraciones sobre la ubicación de la contabilidad gerencial dentro de la disciplina contable - 6. Algunos problemas de planeamiento y control que afectan a la implementación de técnicas de contabilidad gerencial en paises en desarrollo - 7. Observaciones sobre la gestión financiera en paises en desarrollo y su influencia sobre las técnicas de contabilidad gerencial - 8. Observaciones sobre la aplicación de técnicas de contabilidad gerencial en el medio empresario rioplatense - 9. Algunas consideraciones y referencias bibliográficas sobre el concepto de Contabilidad gerencial - 10. Contabilidad, contabilidad patrimonila y contabilidad gerencial : Ensayo de un modelo.1 aHerrscher, Enrique G.41uhttps://biblioeco.unsa.edu.ar/pmb/images/libros/Contabilidad Gerencial (una seleccion polemica).jpgyImagen de portadaqimage/jpeg